A portrait of Lord Nelson

Na minha lista:
Detalhes bibliográficos
Autor principal: Warner, Oliver
Formato: Livro
Idioma:Undetermined
Publicado em: Victoria Chatto & Windus 1958
Assuntos:
Tags: Adicionar Tag
Sem tags, seja o primeiro a adicionar uma tag!
Thư viện lưu trữ: Trung tâm Học liệu Trường Đại học Cần Thơ
LEADER 00498nam a2200193Ia 4500
001 CTU_82530
008 210402s9999 xx 000 0 und d
082 |a 923.542 
082 |b W279 
100 |a Warner, Oliver 
245 2 |a A portrait of Lord Nelson 
245 0 |c Oliver Warner 
260 |a Victoria 
260 |b Chatto & Windus 
260 |c 1958 
650 |a Admirals 
650 |z Great Britain 
904 |i Vương, Qhieu 
980 |a Trung tâm Học liệu Trường Đại học Cần Thơ